Management and supervisory skills. (Record no. 19026)
[ view plain ]
| 000 -LEADER | |
|---|---|
| fixed length control field | 00423nam a2200157 a 4500 |
| 020 ## - INTERNATIONAL STANDARD BOOK NUMBER | |
| ISBN | 0907255051 (pbk.) |
| 040 ## - CATALOGING SOURCE | |
| Transcribing agency | DLC |
| 082 00 - DEWEY DECIMAL CLASSIFICATION NUMBER | |
| Classification number | 363 HOU 1980 C158 Or. |
| 245 00 - TITLE STATEMENT | |
| Title | Management and supervisory skills. |
| 260 ## - PUBLICATION, DISTRIBUTION, ETC. (IMPRINT) | |
| Place of publication | [London : |
| Name of publisher | Housing Research Group, City University, |
| Year of publication | c1980] |
| 300 ## - PHYSICAL DESCRIPTION | |
| Number of Pages | 50 p. ; |
| Dimensions | 21 cm. |
| 500 ## - GENERAL NOTE | |
| General note | Cover title. |
| 650 #0 - SUBJECT ADDED ENTRY--TOPICAL TERM | |
| Topical Term | Housing management |
| 650 #0 - SUBJECT ADDED ENTRY--TOPICAL TERM | |
| Topical Term | Public housing |
| 942 ## - ADDED ENTRY ELEMENTS (KOHA) | |
| Koha item type | ADB |
| 952 ## - LOCATION AND ITEM INFORMATION (KOHA) | |
| Withdrawn status [LOCAL, KOHA] | 0 |
| Koha item type | Source of acquisition | Lost status | Permanent Location | Current Location | Date acquired | Full call number |
|---|---|---|---|---|---|---|
| សៀវភៅភាសាអង់គ្លេស | A38735 | Library Block C | Library Block C | 2020-03-02 | 363 HOU 1980 C158 Or. |